Statistics for Countries Furthest From A Sea Or Ocean

Click here to take the quiz!

General Stats

  • This quiz has been taken 33 times
  • The average score is 9 of 10

Answer Stats

MilesContinentNearest Sea/OceanAnswer% Correct
983AsiaArabianKyrgyzstan
97%
598AfricaIndianRwanda
97%
400AsiaGulf Of LiaotungMongolia
97%
729AsiaBlackUzbekistan
94%
539AsiaPersian GulfTurkmenistan
94%
464AfricaGulf Of GuineaChad
94%
795AsiaArabianTajikistan
90%
579AfricaIndianBurundi
90%
444AfricaIndianUganda
90%
369AfricaMozambique ChannelZambia
87%

Score Distribution

Percentile by Number Answered

Percent of People with Each Score

Your Score History

You have not taken this quiz